[Event "NED-ch 1995"]
[Site "Amsterdam"]
[Date "1995.??.??"]
[Round "1"]
[White "Nijboer, Friso"]
[Black "Piket, Jeroen"]
[Result "0-1"]
[WhiteElo "2510"]
[BlackElo "2670"]
[PlyCount "80"]
[EventDate "1995.06.??"]
[Source "ChessBase"]
[SourceDate "2004.01.01"]

1. e4 c5 2. Nf3 Nc6 3. Bb5 g6 4. O-O Bg7 5. Bxc6 dxc6 6. d3 Nf6 7. Nc3 O-O 8.
Be3 b6 9. h3 e5 10. Qd2 Qd6 11. Bh6 Nh5 12. Rae1 f6 13. Ne2 Be6 14. Bxg7 Nxg7
15. b3 a5 16. a4 Rfd8 17. Qe3 b5 18. Ra1 Bf7 19. Nh2 c4 20. bxc4 bxc4 21. f4
exf4 22. Qxf4 cxd3 23. cxd3 Qxf4 24. Rxf4 f5 25. Rf3 Rab8 26. Ng3 Be6 27. Rc1
Rb4 28. exf5 gxf5 29. Ra1 Rdd4 30. Rc1 Rxa4 31. Rxc6 Ra2 32. Re3 f4 33. Ne2
fxe3 34. Nxd4 Bd5 35. Rc8+ Kf7 36. Nhf3 Ra1+ 37. Kh2 Bxf3 38. Nxf3 e2 39. Ra8
Ne6 40. Kg3 Nd4 0-1

[Event "NED-ch 1995"]
[Site "Amsterdam"]
[Date "1995.??.??"]
[Round "1"]
[White "Sokolov, Ivan"]
[Black "Van der Wiel, John"]
[Result "1-0"]
[WhiteElo "2645"]
[BlackElo "2570"]
[PlyCount "63"]
[EventDate "1995.06.??"]
[Source "ChessBase"]
[SourceDate "2004.01.01"]

1. d4 e6 2. c4 Nf6 3. Nc3 Bb4 4. Qc2 O-O 5. a3 Bxc3+ 6. Qxc3 d6 7. Bg5 Nbd7 8.
e3 b6 9. Bd3 Bb7 10. f3 c5 11. Ne2 Rc8 12. b4 Ba6 13. dxc5 bxc5 14. b5 Bb7 15.
O-O h6 16. Bh4 d5 17. Rfd1 Qb6 18. a4 a5 19. Be1 Ra8 20. Bf2 Rfd8 21. Qb2 Rac8
22. Nc1 Qa7 23. cxd5 Nxd5 24. e4 N5b6 25. Bf1 c4 26. Qc3 Qa8 27. Rd6 Qa7 28.
Ne2 Ba8 29. Rad1 Qb8 30. Qxa5 Nd5 31. Rxd7 Rxd7 32. exd5 1-0

[Event "NED-ch 1995"]
[Site "Amsterdam"]
[Date "1995.??.??"]
[Round "1"]
[White "Sosonko, Gennadi"]
[Black "Reinderman, Dimitri"]
[Result "1/2-1/2"]
[WhiteElo "2535"]
[BlackElo "2440"]
[PlyCount "47"]
[EventDate "1995.06.??"]
[Source "ChessBase"]
[SourceDate "2004.01.01"]

1. d4 Nf6 2. c4 g6 3. Nc3 Bg7 4. e4 d6 5. Nf3 O-O 6. Be2 e5 7. O-O Nc6 8. d5
Ne7 9. b4 Nh5 10. Nd2 Nf4 11. Bf3 f5 12. a4 c6 13. Ba3 cxd5 14. cxd5 Bd7 15. b5
Rc8 16. Qb3 Rf6 17. Ne2 g5 18. Nxf4 gxf4 19. Rac1 Ra8 20. Qc4 Rc8 21. Qb4 Rb8
22. Qc4 Rc8 23. Qb4 Rb8 24. Qc4 1/2-1/2

[Event "NED-ch 1995"]
[Site "Amsterdam"]
[Date "1995.??.??"]
[Round "1"]
[White "Van der Sterren, Paul"]
[Black "Riemersma, Liafbern"]
[Result "1/2-1/2"]
[WhiteElo "2560"]
[BlackElo "2430"]
[PlyCount "58"]
[EventDate "1995.06.??"]
[Source "ChessBase"]
[SourceDate "2004.01.01"]

1. d4 Nf6 2. c4 c5 3. d5 b5 4. cxb5 a6 5. bxa6 g6 6. Nc3 Bxa6 7. e4 Bxf1 8.
Kxf1 d6 9. g3 Bg7 10. Kg2 Nbd7 11. Nf3 O-O 12. Re1 Ra6 13. Qc2 Qa8 14. b3 e6
15. dxe6 fxe6 16. Rb1 d5 17. a4 Ng4 18. Nd1 c4 19. bxc4 Rxa4 20. cxd5 exd5 21.
Qb3 Rc4 22. Qd3 Nc5 23. Qxd5+ Qxd5 24. exd5 Nd3 25. Bd2 Nxe1+ 26. Bxe1 Ne5 27.
Nxe5 Bxe5 28. Ne3 Ra4 29. Rb7 Rf7 1/2-1/2

[Event "NED-ch 1995"]
[Site "Amsterdam"]
[Date "1995.??.??"]
[Round "1"]
[White "Wiersma, Eelke"]
[Black "Van Wely, Loek"]
[Result "0-1"]
[WhiteElo "2180"]
[BlackElo "2575"]
[PlyCount "86"]
[EventDate "1995.06.??"]
[Source "ChessBase"]
[SourceDate "2004.01.01"]

1. e4 c5 2. Nf3 d6 3. d4 cxd4 4. Nxd4 Nf6 5. Nc3 a6 6. Be3 e6 7. g4 h6 8. Qf3
Nbd7 9. Qh3 Ne5 10. f3 Ng6 11. O-O-O b5 12. Qg2 Bb7 13. h4 Rc8 14. g5 hxg5 15.
hxg5 Rxh1 16. Qxh1 Nd7 17. f4 Rxc3 18. bxc3 Qa5 19. Bd3 Nc5 20. Nb3 Qxc3 21.
Kb1 Na4 22. Bd4 Qc7 23. Qf3 Nxf4 24. Qxf4 e5 25. Qf2 exd4 26. Rg1 Nc3+ 27. Kb2
Nxe4 28. Qxd4 d5 29. Re1 Bd6 30. Bxe4 dxe4 31. Kb1 Kf8 32. Rh1 Kg8 33. Rd1 Be5
34. Qc5 Qxc5 35. Nxc5 Bc6 36. g6 fxg6 37. Re1 g5 38. Nxe4 g4 39. Ng5 Bf6 40.
Re6 Bd7 41. Rd6 Bf5 42. Ne6 g3 43. Nd4 Bg4 0-1

[Event "NED-ch 1995"]
[Site "Amsterdam"]
[Date "1995.??.??"]
[Round "2"]
[White "Brenninkmeijer, Joris"]
[Black "Van der Sterren, Paul"]
[Result "1/2-1/2"]
[WhiteElo "2490"]
[BlackElo "2560"]
[Annotator "Dautov"]
[PlyCount "55"]
[EventDate "1995.06.??"]
[Source "ChessBase"]
[SourceDate "2004.01.01"]

1. d4 {Giese} 1... Nf6 2. c4 e6 3. Nc3 Bb4 4. e3 O-O 5. a3 Bxc3+ 6. bxc3 d6 7.
Ne2 (7. Bd3 e5 8. Ne2 e4 9. Bb1 Be6 10. Qb3 b6 11. Ng3 Nc6 12. Nxe4 Na5 13. Qc2
Nxe4 14. Qxe4 g6 $10 {ECO}) 7... c5 $5 (7... e5 8. Ng3 Re8 9. f3 (9. Bd3 $5)
9... c5 10. e4 exd4 11. cxd4 cxd4 12. Be2 Nc6 13. O-O Nd7 14. Rb1 Nc5 15. Bb2
Qf6 $10 {Kotov,A-Najdorf,M/Budapest ct 1950}) 8. Ng3 Nc6 9. Bd3 $6 (9. e4 $1 {
>=} 9... b6 (9... cxd4 10. cxd4 Qb6 11. Be3 Qb2 12. d5 exd5 13. cxd5 Ng4 14.
Qc1 Qxc1+ 15. Bxc1 Nd4 16. Rb1 Re8 17. f3 Nf6 18. Bb2 $16 {
Szabo,L-Ortega,R/La Habana (ol) 1966}) 10. Bg5 h6 11. h4 Re8 12. Be3 Ba6 13.
Bd3 Rc8 14. Qe2 cxd4 15. cxd4 Na5 16. Rc1 Re7 17. Nf1 Rec7 18. Nd2 d5 $10 {
Polgar,Zsu-Granda Zuniga,J/Aruba 1992}) 9... b6 10. O-O Ba6 11. Bb2 (11. f4 $2
cxd4 12. cxd4 Na5 13. e4 Bxc4 14. e5 Nd5 $17) 11... Na5 12. Qe2 Rc8 13. Rac1
Qd7 $1 (13... d5 14. cxd5 Bxd3 15. Qxd3 exd5 16. f3 Nc4 17. Rc2 (17. Ba1 Nxa3
18. e4 Nc4 19. e5 Nd7 $17) 17... Re8 18. e4 cxd4 19. cxd4 dxe4 20. fxe4 Nxb2
21. Rxb2 $14) 14. e4 Qa4 $17 (14... e5 $2 15. d5 $1 {/\f4->} (15. Nf5 g6 16.
dxe5 dxe5 17. Ne3 $13) (15. f4 cxd4 16. cxd4 Nb3)) 15. f4 (15. e5 $5 dxe5 16.
dxe5 Nd7 17. Qe4 g6 18. Rcd1 (18. Nh5 $2 Nxc4 19. Nf6+ Nxf6 20. exf6 Rcd8 21.
Qf4 Kh8 $19) 18... Qb3 $5 (18... Rfd8 19. Bc1 $13) (18... Rc7 $5) 19. Bc2 (19.
Bc1 Qxc3 $17) 19... Qxb2 20. Rxd7 Nxc4 21. Nh5 $6 Qxc3 $17) 15... Bxc4 16. e5
dxe5 (16... Bxd3 $1 17. Qxd3 Qc4 18. Qf3 dxe5 (18... Ne8 $17) 19. fxe5 Nd5 20.
Nh5 f5 21. exf6 Nxf6 $17) 17. fxe5 Nd5 (17... Bxd3 18. Qxd3 Qc4 $17) 18. Ne4
cxd4 (18... Bxd3 19. Qxd3 cxd4 20. Ng5 g6 21. Qh3 h5 22. Nxe6 (22. Rxf7 Rxf7
23. Qxe6 Qd7 $19) 22... Rfe8 23. Nxd4 Nc4 $17) 19. Nf6+ $1 (19. cxd4 Bxd3 20.
Qxd3 Qb3 $5 21. Qxb3 Nxb3 22. Rxc8 Rxc8 23. Rxf7 Rc2 24. Rf2 Ne3 $17) 19...
Nxf6 (19... gxf6 $4 20. Bxh7+ Kxh7 21. Qh5+ Kg7 22. Qg4+ Kh7 23. Rf3 Nf4 24.
Qxf4 $18) 20. exf6 Bxd3 21. Qxd3 dxc3 $2 (21... gxf6 $2 22. Qg3+ Kh8 23. Qh4
Rg8 24. Qxf6+ Rg7 25. cxd4 $16) (21... Nc4 $1 22. Qg3 (22. fxg7 Rfd8 $17) 22...
g6 23. Qg5 Kh8 24. Qh6 Rg8 25. cxd4 (25. Rf4 Rc5 26. Rh4 Rh5 27. Rxh5 gxh5 $19)
25... g5 $17) 22. fxg7 Rfd8 23. Rxc3 Nc4 24. Qxh7+ $1 $10 Kxh7 25. Rh3+ (25.
Rf4 {Giese} 25... Rd1+ 26. Kf2 Rd2+ $19) 25... Kg6 (25... Kg8 $4 {Giese} 26.
Rh8#) 26. Rg3+ Kh5 27. Rh3+ Kg6 28. Rg3+ 1/2-1/2

[Event "NED-ch 1995"]
[Site "Amsterdam"]
[Date "1995.??.??"]
[Round "2"]
[White "Piket, Jeroen"]
[Black "Cifuentes Parada, Roberto"]
[Result "1-0"]
[WhiteElo "2670"]
[BlackElo "2535"]
[PlyCount "113"]
[EventDate "1995.06.??"]
[Source "ChessBase"]
[SourceDate "2004.01.01"]

1. d4 d5 2. Nf3 c5 3. c4 e6 4. cxd5 exd5 5. g3 Nf6 6. Bg2 Nc6 7. O-O Be7 8. Nc3
O-O 9. Bg5 cxd4 10. Nxd4 h6 11. Be3 Re8 12. Rc1 Bf8 13. Nb3 Be6 14. Bd4 Ne4 15.
e3 Rc8 16. Qd3 Nb4 17. Qe2 Nxc3 18. bxc3 Nc6 19. Rfd1 Ba3 20. Rc2 Qe7 21. Rcd2
Nxd4 22. Nxd4 Rxc3 23. Nb5 Rc1 24. Rxc1 Bxc1 25. Rc2 Ba3 26. Rc7 Qb4 27. h4 a6
28. Nd4 Bb2 29. Nxe6 fxe6 30. e4 d4 31. e5 d3 32. Qxd3 Qe1+ 33. Kh2 Bxe5 34.
Rc2 Rf8 35. Qd7 Bf6 36. Qxb7 Qe5 37. f4 Qb5 38. Qe4 e5 39. a4 Qb8 40. Qg6 exf4
41. Bd5+ Kh8 42. Be4 Kg8 43. Re2 fxg3+ 44. Kg2 Be5 45. Bd5+ Kh8 46. Be4 Kg8 47.
Qh7+ Kf7 48. Bf3 Kf6 49. h5 Qe8 50. Qe4 g5 51. hxg6 h5 52. g7 Rg8 53. Qh4+ Ke6
54. Qg5 Kd6 55. Qh6+ Qe6 56. Rd2+ Ke7 57. Qxe6+ 1-0

[Event "NED-ch 1995"]
[Site "Amsterdam"]
[Date "1995.??.??"]
[Round "2"]
[White "Reinderman, Dimitri"]
[Black "Sokolov, Ivan"]
[Result "0-1"]
[WhiteElo "2440"]
[BlackElo "2645"]
[Annotator "Kortschnoj"]
[PlyCount "48"]
[EventDate "1995.06.??"]
[Source "ChessBase"]
[SourceDate "2004.01.01"]

1. e4 e5 2. Nf3 Nc6 3. Nc3 Nf6 4. d4 exd4 5. Nxd4 Bb4 6. Nxc6 bxc6 7. Bd3 O-O
8. O-O Re8 9. Bg5 h6 10. Bh4 Rb8 $5 {10...d6 11.f4 Bb7 12.Kh1 Bc3 13.bc3 c5=}
11. Qf3 $6 (11. f4 d6 12. Kh1) 11... g5 12. Bg3 d6 13. Na4 $2 (13. h3 $1 $13)
13... c5 14. c3 Ba5 15. Rfe1 $2 (15. Bc2 $1 $15) 15... Bg4 16. Qe3 Bd7 17. Bc2
Bxa4 18. Bxa4 Rxe4 19. Qxe4 Nxe4 20. Rxe4 f5 $17 21. Re6 f4 22. Rae1 Rxb2 23.
Bb3 Rxb3 24. axb3 Kf7 0-1

[Event "NED-ch 1995"]
[Site "Amsterdam"]
[Date "1995.??.??"]
[Round "2"]
[White "Van Wely, Loek"]
[Black "Riemersma, Liafbern"]
[Result "1-0"]
[WhiteElo "2575"]
[BlackElo "2430"]
[PlyCount "77"]
[EventDate "1995.06.??"]
[Source "ChessBase"]
[SourceDate "2004.01.01"]

1. d4 Nf6 2. c4 c5 3. d5 b5 4. cxb5 a6 5. b6 Qxb6 6. Nc3 g6 7. a4 d6 8. a5 Qb4
9. Ra4 Qb7 10. e4 Bg7 11. Nf3 O-O 12. Nd2 Bd7 13. Ra3 Bb5 14. Qb3 Nbd7 15. Nxb5
axb5 16. Qxb5 Qc7 17. Qa4 Ra7 18. Bb5 Rb8 19. O-O Qb7 20. Rb3 Nb6 21. Qa3 Qc8
22. Re1 Rba8 23. axb6 Rxa3 24. bxa3 Rb8 25. Bf1 Ng4 26. h3 Ne5 27. Nc4 Qe8 28.
Nxe5 Bxe5 29. Rb5 Qd8 30. Bd2 c4 31. Be3 Qc8 32. Rc1 c3 33. a4 g5 34. a5 Bf4
35. Bxf4 gxf4 36. Rb3 Qc5 37. Rbxc3 Qxa5 38. Rc8+ Rxc8 39. Rxc8+ 1-0

[Event "NED-ch 1995"]
[Site "Amsterdam"]
[Date "1995.??.??"]
[Round "2"]
[White "Wiersma, Eelke"]
[Black "Sosonko, Gennadi"]
[Result "1/2-1/2"]
[WhiteElo "2180"]
[BlackElo "2535"]
[Annotator "King"]
[PlyCount "58"]
[EventDate "1995.06.??"]
[Source "ChessBase"]
[SourceDate "2004.01.01"]

1. e4 c5 2. Nf3 d6 3. d4 cxd4 4. Nxd4 Nf6 5. Nc3 Nc6 6. Bg5 e6 7. Qd2 Be7 8.
O-O-O Nxd4 9. Qxd4 O-O 10. f4 h6 11. h4 hxg5 12. hxg5 {At first glance, it
looks total madness to open up the h-file in this way, but I am sure, that
Sosonko would not dream of going into this if he hadn't had it all prepared
beforehand. Major improvements are hard to see for White.} 12... Ng4 13. Be2 e5
14. Qg1 exf4 15. Bxg4 Bxg5 16. Bxc8 Rxc8 17. Rd3 Bh6 18. Kb1 Qg5 19. Qxa7 Qxg2
20. Rg1 Qh2 21. Qd4 Rc4 22. Rxg7+ Bxg7 23. Qxc4 Bxc3 24. bxc3 Re8 25. Rxd6 Qh1+
26. Kb2 Qxe4 27. Rd4 Qe6 28. Qf1 Qe5 29. Rxf4 Re6 1/2-1/2

[Event "NED-ch 1995"]
[Site "Amsterdam"]
[Date "1995.??.??"]
[Round "3"]
[White "Cifuentes Parada, Roberto"]
[Black "Van der Wiel, John"]
[Result "1/2-1/2"]
[WhiteElo "2535"]
[BlackElo "2570"]
[PlyCount "44"]
[EventDate "1995.06.??"]
[Source "ChessBase"]
[SourceDate "2004.01.01"]

1. Nf3 Nf6 2. c4 g6 3. Nc3 Bg7 4. g3 O-O 5. Bg2 d6 6. d4 Nc6 7. O-O a6 8. h3
Rb8 9. e4 b5 10. e5 dxe5 11. dxe5 Qxd1 12. Rxd1 Nd7 13. e6 fxe6 14. cxb5 axb5
15. Ng5 Nd4 16. Be3 c5 17. Nce4 e5 18. Bxd4 cxd4 19. Ne6 Re8 20. Nc7 Rd8 21.
Ne6 Re8 22. Nc7 Rd8 1/2-1/2

[Event "NED-ch 1995"]
[Site "Amsterdam"]
[Date "1995.??.??"]
[Round "3"]
[White "Nijboer, Friso"]
[Black "Reinderman, Dimitri"]
[Result "0-1"]
[WhiteElo "2510"]
[BlackElo "2440"]
[Annotator "Horvath,Ta"]
[PlyCount "70"]
[EventDate "1995.06.??"]
[Source "ChessBase"]
[SourceDate "2004.01.01"]

1. e4 c5 2. Nf3 e6 3. d4 cxd4 4. Nxd4 Nf6 5. Nc3 Nc6 6. Ndb5 d6 7. Bf4 e5 8.
Bg5 a6 9. Na3 b5 10. Bxf6 gxf6 11. Nd5 f5 12. Bd3 Be6 13. O-O Bxd5 14. exd5 Ne7
15. c3 Qc8 $6 {Kein gutes Feld fuer die Q,nach der Partiefortsetzung die steht
schlecht auf der "c" Linie.} (15... Bg7 16. Qh5 e4 (16... Qd7 17. Rae1 $5 (17.
Rad1 Rc8 18. Nc2 O-O {Renet-Horvath,T/Paris/1993}) 17... Rc8 18. Bb1 Rc5 19.
Nc2 Qb7 20. Ne3 f4 21. Nf5 Nxf5 22. Qxf5 Qxd5 23. Qxf4 Qe6 24. Qe4 Rc4 25. Qd3
h5 $13 {Almasi,I-Gladyszew/Zalakaros/1995}) 17. Bc2 Qc8 18. Rae1 O-O 19. Kh1
Ng6 $1 $13 {Almasi,Z-Krasenkov/Malmo/1994}) 16. c4 e4 17. Be2 Bg7 18. cxb5 O-O
(18... Bxb2 $2 19. Nc4 $18) 19. Rc1 (19. Nc4 $1 Qb7 20. Nxd6 Qxd5 21. Qxd5 Nxd5
22. Nxf5 Bxb2 (22... Nf4 23. Rae1 $1 Bxb2 24. g3 $16) 23. Rab1 Bf6 24. bxa6 Nc3
25. Rb2 $16) 19... Qb7 20. bxa6 Qxb2 21. Rc7 Qxa3 22. Rxe7 Qxa2 23. Bb5 Qb2 24.
Rb7 (24. Qa4 Qf6 25. Re8 $16) 24... f4 25. Qh5 Qf6 26. Qe2 Qe5 27. Re1 f5 28.
Bc6 Qd4 29. Rd1 Qf6 30. Rd7 Rac8 31. a7 f3 32. gxf3 Qh4 33. f4 Qxf4 34. Qh5 (
34. Kh1 Kh8 35. Qh5 Qxf2 36. Rg1 Rg8 37. a8=Q) 34... Kh8 35. a8=Q Rxa8 (35...
Rxa8 36. Bxa8 Rxa8 37. Rf7 Rf8 38. Rxf8+ Bxf8 39. Qh3 $16) 0-1

[Event "NED-ch 1995"]
[Site "Amsterdam"]
[Date "1995.??.??"]
[Round "3"]
[White "Riemersma, Liafbern"]
[Black "Brenninkmeijer, Joris"]
[Result "1/2-1/2"]
[WhiteElo "2430"]
[BlackElo "2490"]
[Annotator "Ribli"]
[PlyCount "81"]
[EventDate "1995.06.??"]
[Source "ChessBase"]
[SourceDate "2004.01.01"]

1. e4 c5 2. Nf3 e6 3. d4 cxd4 4. Nxd4 Nc6 5. Nc3 Qc7 6. Be3 a6 7. Bd3 Nf6 8.
O-O b5 9. Kh1 (9. Nxc6 Qxc6 10. a3 Bb7 11. Qe2 Be7 12. f4 O-O 13. Qf3 Bc5 $10 {
Khalifman,A-Salov,V/Wijk cm4/1994/CBM39/INF59,208/}) 9... Bb7 10. a3 (10. Qe2
Bb4 11. a4 Bxc3 12. bxc3 Nxd4 13. cxd4 Nxe4 14. axb5 axb5 $10 {
Topalov,V-Benjamin,Joe/Groningen PCA/1993/CBM39/}) 10... d6 (10... Nxd4 11.
Bxd4 Bc5 12. Bxc5 Qxc5 13. Qe2 d6 14. f4 e5 $13 {
Hjartarson,J-Ye Jiangchuan/Moscow olm/CBM45/}) 11. f4 Be7 12. Qf3 Nd7 $5 {
Dieser Zug ist fuer derartige Stellungen typisch und notwendig.} (12... O-O 13.
Qh3 $36) 13. Rae1 (13. Qh3 Nc5 $13) (13. f5 Nde5 14. Qg3 Nxd4 15. Bxd4 (15.
Qxg7 $6 Nxf5 $1 16. exf5 (16. Qxh8+ Kd7 17. Qxa8 Bxa8 (17... Ng3+ $5) 18. exf5
Nxd3 19. cxd3 Qb7 $13) 16... O-O-O $15) 15... Bf6 $13) 13... O-O 14. Qh3 Nc5
15. Nxc6 Bxc6 16. Bxc5 dxc5 {#} 17. Nd5 $5 (17. e5 g6 18. Qh6 Rfe8 $13) 17...
Qd8 $1 {Natuerlich darf Schwarz den N nicht nehmen.} (17... exd5 $2 18. exd5 g6
19. dxc6 Bf6 20. c3 $16) 18. f5 exf5 (18... exd5 19. exd5 Qxd5 20. Rxe7 {
Wie die Partie.}) 19. exf5 Qxd5 20. Rxe7 (20. f6 $2 Qxg2+ 21. Qxg2 Bxg2+ 22.
Kxg2 Bxf6 $19) 20... c4 21. Be4 Qd6 22. f6 Bxe4 23. Rxe4 Rfe8 $1 (23... g6 $4
24. Qh6 $18) (23... gxf6 $4 24. Rg4+ $1 Kh8 25. Rh4 $18) 24. Qg4 {Der Anziehend
e hat einen gefaehrlichen f6P, der Schwarz mit genauem  Spiel neutralisieren
wird.} (24. Rxe8+ Rxe8 25. fxg7 Qd5 $10) 24... g6 25. h3 Rxe4 26. Qxe4 Rd8 27.
c3 h5 $1 28. a4 Qd3 29. Qf4 Qd2 30. Qc7 Qd6 31. Qa5 bxa4 32. Qxa4 Qe6 33. Qa5
Rd2 34. Qg5 Qd5 $1 35. Qxd5 Rxd5 36. Rf4 Rc5 37. Rd4 g5 38. g4 hxg4 39. hxg4
Kh7 40. Rd6 a5 41. Rb6 1/2-1/2

[Event "NED-ch 1995"]
[Site "Amsterdam"]
[Date "1995.??.??"]
[Round "3"]
[White "Sokolov, Ivan"]
[Black "Wiersma, Eelke"]
[Result "1-0"]
[WhiteElo "2645"]
[BlackElo "2180"]
[Annotator "Kortschnoj"]
[PlyCount "85"]
[EventDate "1995.06.??"]
[Source "ChessBase"]
[SourceDate "2004.01.01"]

1. d4 Nf6 2. c4 g6 3. Nc3 Bg7 4. e4 d6 5. Nf3 O-O 6. Be2 e5 7. O-O Nc6 8. d5
Ne7 9. b4 Nh5 10. Re1 $5 (10. c5 Nf4 11. Bxf4 exf4 12. Rc1) 10... f5 (10... Nf4
11. Bf1 f5 12. Bxf4 exf4 13. Rc1 $14) 11. Ng5 Nf4 (11... Nf6 12. Bf3 h6 13. Ne6
$132) 12. Bxf4 exf4 13. Rc1 Kh8 14. Ne6 Bxe6 15. dxe6 Be5 16. Bf3 $14 c6 17.
Qb3 fxe4 (17... Qc7 $5) 18. Nxe4 Nf5 19. Nc5 $1 Nd4 20. Qd3 Re8 21. Nxb7 Qc7
22. Na5 Rab8 23. c5 d5 24. b5 $1 Rxe6 (24... Rxb5 25. Nxc6 Nxf3+ 26. gxf3 Qxc6
27. Rxe5 Rxc5 28. Rxc5 Qxc5 29. Rxd5 $16) 25. Nxc6 Nxc6 26. bxc6 Rd8 27. Bxd5
$16 Re7 28. h3 Qxc6 29. Bxc6 Rxd3 30. Bf3 Rdd7 31. c6 Rc7 32. Bg4 $1 Kg7 33.
Bd7 $18 Kf6 34. Rb1 Rexd7 35. cxd7 Rxd7 36. Red1 Rc7 37. Rbc1 Rb7 38. Rc6+ Kf5
39. Rc2 h5 40. Kf1 g5 41. Rd8 Rb1+ 42. Ke2 g4 43. Rf8+ 1-0

[Event "NED-ch 1995"]
[Site "Amsterdam"]
[Date "1995.??.??"]
[Round "3"]
[White "Sosonko, Gennadi"]
[Black "Van Wely, Loek"]
[Result "0-1"]
[WhiteElo "2535"]
[BlackElo "2575"]
[PlyCount "94"]
[EventDate "1995.06.??"]
[Source "ChessBase"]
[SourceDate "2004.01.01"]

1. d4 Nf6 2. c4 g6 3. Nc3 Bg7 4. e4 d6 5. Nf3 O-O 6. Be2 e5 7. O-O Nc6 8. d5
Ne7 9. b4 Nh5 10. c5 Nf4 11. Bxf4 exf4 12. Rc1 h6 13. h3 g5 14. a4 Ng6 15. a5
Re8 16. Nd2 f5 17. cxd6 cxd6 18. exf5 Bxf5 19. Nb5 Bb2 20. Rc4 Ne5 21. Rc2 Bxc2
22. Qxc2 a6 23. Qxb2 axb5 24. Bxb5 Qf6 25. Rb1 Re7 26. Be2 Qg6 27. Rc1 Nd3 28.
Bxd3 Qxd3 29. Nf3 Qxd5 30. Qc2 Qe4 31. Qd2 Qg6 32. Rc4 Rg7 33. Qd5+ Kh7 34. Re4
Rc8 35. Nd4 g4 36. hxg4 Qxg4 37. Qf5+ Kg8 38. Qxg4 Rc1+ 39. Kh2 Rxg4 40. Nf5
Rc2 41. Kh3 h5 42. Re8+ Kh7 43. Re7+ Kg6 44. Nh4+ Kf6 45. Rxb7 Rc1 46. g3 fxg3
47. fxg3 Rc3 0-1

[Event "NED-ch 1995"]
[Site "Amsterdam"]
[Date "1995.??.??"]
[Round "3"]
[White "Van der Sterren, Paul"]
[Black "Piket, Jeroen"]
[Result "1/2-1/2"]
[WhiteElo "2560"]
[BlackElo "2670"]
[PlyCount "61"]
[EventDate "1995.06.??"]
[Source "ChessBase"]
[SourceDate "2004.01.01"]

1. d4 d5 2. c4 dxc4 3. e3 e5 4. Bxc4 exd4 5. exd4 Nf6 6. Nf3 Be7 7. O-O O-O 8.
h3 Nbd7 9. Nc3 c6 10. Re1 Nb6 11. Bb3 Nbd5 12. Bg5 Be6 13. Rc1 Re8 14. Bxf6
Bxf6 15. Nxd5 Bxd5 16. Rxe8+ Qxe8 17. Bxd5 cxd5 18. Rc7 b6 19. Qc1 h6 20. Qc6
Qxc6 21. Rxc6 Re8 22. Kf1 Re4 23. Rc8+ Kh7 24. Rc7 Bxd4 25. b3 a5 26. Rxf7 a4
27. Nd2 axb3 28. axb3 Re5 29. Nf3 Re4 30. Nd2 Re5 31. Nf3 1/2-1/2

[Event "NED-ch 1995"]
[Site "Amsterdam"]
[Date "1995.??.??"]
[Round "4"]
[White "Piket, Jeroen"]
[Black "Riemersma, Liafbern"]
[Result "1-0"]
[WhiteElo "2670"]
[BlackElo "2430"]
[Annotator "Ftacnik"]
[PlyCount "81"]
[EventDate "1995.06.??"]
[Source "ChessBase"]
[SourceDate "2004.01.01"]

1. d4 {King  Hecht} 1... d5 2. c4 dxc4 3. Nf3 Nf6 4. Nc3 c5 5. d5 e6 6. e4 exd5
7. e5 Nfd7 8. Bg5 Be7 9. Bxe7 Qxe7 10. Nxd5 Qd8 11. Qc2 Nxe5 12. Qe4 Be6 13.
Qxe5 Qxd5 14. Qxg7 Rf8 15. Rd1 Qe4+ (15... Qf5 $2 16. Ng5 Qg6 17. Qxg6 hxg6 18.
Nxe6 fxe6 19. Bxc4 Ke7 20. Bd3 $1 {/\ Be4+/-}) 16. Be2 Nd7 17. Ng5 Qg6 18. Nxe6
Qxe6 19. Qg5 (19. O-O O-O-O 20. Bg4 f5 $8 21. Bh3 $1 (21. Bf3 $6 Qf6 $1 22.
Bxb7+ Kc7 23. Qxf6 Rxf6 $132) 21... Nf6 (21... Qf6 22. Qxh7 $16) 22. Qh6 $1 (
22. Rfe1 $2 Rfe8 $1 $13) (22. Qg5 Ng4 23. Bxg4 fxg4 24. Qxc5+ Kb8 $10) (22.
Rde1 Qd5 23. Qg3 (23. Re7 Kb8 24. g3 f4 25. Be6 Qf3 26. Bxc4 h5 27. Qg5 Rd1 28.
Qe5+ {1-0/Levin,F-Bouton,C/Dortmund op-A (01)/1992/}) 23... Ne4 24. Qf4 Rd7 25.
Re2 b6 26. Rfe1 Rff7 27. g3 Kb7 28. Bg2 Qd6 29. Bxe4+ fxe4 30. Qxe4+ Qd5 31.
Qxd5+ Rxd5 32. f4 $16 {Tregubov,P-Kallai,G/Kobanya op (09)/1992/1-0 (61)})
22... Rfe8 23. g3 Rxd1 24. Rxd1 Kc7 $2 (24... Ng4 25. Qxh7 Re7 26. Qh8+ Re8 27.
Qh5 b6 28. Bf1 $16) 25. Qf4+ $16 Qe5 26. Qxc4 Kb8 27. Qb3 Ne4 $2 (27... Re7)
28. Rd5 $18 {Lobron,E-Polgar,Zs/Munchen/1991/1-0 (37)}) (19. Qxh7 O-O-O 20. Qc2
Rfe8 21. h4 f5 (21... Ne5 $1 22. Rxd8+ (22. O-O Rd4 23. Rxd4 cxd4 24. Rc1 b5
25. Qe4 Qb6 26. Kf1 Re6 27. h5 Kb8 28. Bg4 Nxg4 29. Qxg4 d3 $17 {
Brenninkmeijer,J-Polgar,Zsu/Wijk-B (08)/1990/0-1 (40)}) 22... Rxd8 23. Rh3 (23.
O-O Qg6 $5 24. Qxg6 fxg6 25. h5 gxh5 26. Bxh5 Nd3 $13) 23... Nd3+ 24. Kf1 Qf5
25. Rf3 Qe4 $1 26. Bxd3 cxd3 $1 (26... Rxd3 27. Rxd3 cxd3 28. Qxc5+ Kd7 29. Qe3
$16) 27. Qxc5+ Kb8 28. Rxf7 Qe2+ $1 (28... Rc8 $2 29. Qd6+ Ka8 30. Rf8 $18) 29.
Kg1 Qc2 $1 $132 {Van der Sterren,P-Polgar,Zsu/Wijk II/1990/0.5 (38)}) (21...
Re7 22. Rh3 Rde8 23. Re3 Ne5 24. Kf1 Qf6 25. g3 Nd3 26. Bxd3 Rxe3 27. Bf5+ R3e6
28. Rc1 b5 29. b3 $16 {Epishin,V-Vladimirov,E/URS-OT56 Barnaul/1988/1-0 (40)})
22. Kf1 Ne5 23. Rxd8+ Rxd8 24. Rh3 Kb8 25. b3 cxb3 26. axb3 f4 27. h5 $16 {
Van der Sterren,P-Kaminski,U/Groningen op/1989/}) 19... f6 20. Qh5+ Rf7 21. O-O
O-O-O {Model position with opposite castling, since the assymetry is nearly
complete with pawns and different easy pieces. King White stands better,
because his K is better protected than Black s. Piket is able to exploit the
tactical opportunities this offers.} 22. Rd6 Qxd6 23. Qxf7 Ne5 24. Qxh7 Qd2 $6
(24... Qe6 25. Qe4 Rd4 26. Qe3 Qf5 27. h4 b6 28. h5 Re4 29. Qd2 Rd4 30. Qe3 Re4
31. Qd2 Rd4 32. Qh6 Kb7 $13 {
Piket,J-Vladimirov,E/Rotterdam EU-CUP f/1988/0-1 (37)}) 25. Qf5+ Kc7 (25... Rd7
26. Bh5 Qg5 27. Qh3 Qh6 28. f4 Nd3 29. Bg4 Qxh3 30. gxh3 b5 31. h4 Kc7 32. Bxd7
Kxd7 33. h5 $16 {
Khalifman,A-Polgar,Zsu/Portoroz/Nova Gorica (4) 60'/1991/1-0 (38)}) 26. Bxc4
Rd6 (26... Nxc4 27. Qxc5+ Kb8 28. Qxc4 Qxb2 29. Rc1 $16) (26... Qxb2 27. Qxf6
$18) 27. Be6 Qe2 (27... Qxb2 28. Qxf6 Qe2 29. Qg7+ $16) 28. Qh7+ (28. Qxf6 Rd1
(28... Rxe6 $17) 29. Qxe5+ Qxe5 30. Rxd1 Qxe6 $19) 28... Nd7 (28... Kb6 29. Bc8
) 29. Bxd7 Rxd7 30. Qb1 (30. Qf5 {Hecht} 30... Rd1 31. Qxc5+ Kd7 32. Qf5+ Ke7
33. Qc5+ {Dauerschach!? - Analyse!} (33. Qh7+ Kd6 $19)) 30... Rd2 (30... b6 31.
Re1 $16) 31. h4 Rxb2 32. Qh7+ {King Exposed K!} 32... Kb6 33. h5 c4 {White is b
etter, because even though both passed pawns are dangerous white has much
safer king.} 34. Qf7 Ka5 (34... c3 35. Qxf6+ Kb5 36. Qxc3 $18) 35. h6 (35. Qxf6
Rxa2) 35... c3 36. h7 c2 37. Qc7+ (37. h8=Q $2 Qxf1+ $1 (37... Qxf1+ $1 {Hecht}
38. Kh2 c1=Q $19)) 37... Ka6 38. h8=Q {
Uneven number of Q makes for exciting positions.} 38... Rb1 39. Qxf6+ b6 40.
Qc8+ Ka5 41. Qff5+ (41. Qff5+ Kb4 42. Rxb1+ cxb1=Q+ 43. Qxb1+ $18) 1-0